000 01324nam a2200349 i 4500
001 000006828
003 DO-SdBNP
005 20260225130615.0
007 ta
008 090903s1978 dr ac 001 0 spa d
040 _aDO-SdBNP
_bspa
_cBNPHU
_erda
041 _aspa
082 4 _a395
_bV768p
_222
100 1 _aVincent Cepeda, Rosa Amelia,
_eautor
_4aut.
_91213
245 1 0 _aPráctica social /
_cRosa Amelia Vincent Cepeda ; colaboradores, Jorge Morel, Anita Acosta y Rosa Victoria Mallol Vincent.
264 1 _aSantiago de los Caballeros, República Dominicana :
_bAmigo del Hogar,
_c1978.
300 _a163 páginas :
_bilustraciones, retratos ;
_c23 cm.
336 _atexto
_btxt
_2rdacontent
337 _asin mediación
_bn
_2rdamedia
338 _avolumen
_bnc
_2rdacarrier
500 _aIncluye referencias bibliográficas y notas al pie de las páginas.
504 _aBibliografía : páginas 163.
590 _aInventariado, 2018/VM
650 7 _aConducta de vida
_2LIBRUNAM
_911947
650 4 _aEtiqueta
_9402
650 4 _aFormulas de tratamiento
_9403
700 1 _aMorel, Jorge,
_ecolaborador
_4col.
_918972
700 1 _aAcosta, Anita,
_ecolaborador
_918973
700 1 _aMallol Vincent, Rosa Victoria de Jesús,
_ecolaborador
_918974
910 _aValidado. Control de calidad EMS.
942 _2ddc
_cLBS1
999 _c6616
_d6616